Bani Ismail

Bibliographic Details
Main Author: Abdul Hamid Jaudah Al-Sahhar
Format: Book
Series:Karya 'Ibrah kisah para nabi
Subjects:

MARC

LEADER 00000cam a2200000 7i4500
001 0000005004
002 000005395
005 20150303.0
020 |a 9836225072 
090 0 0 |a 297.63   |b ABD 
100 0 |a Abdul Hamid Jaudah Al-Sahhar 
245 1 0 |a Bani Ismail   |c Abdul Hamid Jaudah Al-Sahhar 
300 |a 297 p. ;   |c 22 cm. 
490 0 |a Karya 'Ibrah kisah para nabi 
650 0 0 |a Muhammad, Prophet, d. 632   |x Companions 
999 |a 033558   |b BUKU   |c PINJAMAN   |e PERPUSTAKAAN KOMUNITI PETALING JAYA